| 000 | 00919nam a2200205 a 4500 | ||
|---|---|---|---|
| 008 | 120416s1995 ||||||||||||||||| || u | ||
| 020 | _a1557754926 | ||
| 050 | _aIMF(08) | ||
| 100 | _aSchadler, Susan | ||
| 245 | 1 | 0 |
_aIMF conditionality: experience under stand-by and extended arrangement _cedited by Susan Schadler |
| 260 |
_aWashington, D.C _bInternational Monetary Fund _c1995 |
||
| 300 | _a2 Volumes. | ||
| 350 | _a0.00 | ||
| 650 | _aINTERNATIONAL FINANCE | ||
| 650 | _aINTERNATIONAL MONETARY FUND | ||
| 650 | _aSTRUCTURAL ADJUSTMENT (ECONOMIC POLICY)--DEVELOPING COUNTRIES | ||
| 650 | _aCONDITIONALITY (INTERNATIONAL LAW) | ||
| 995 |
_aSPECIAL COLLECTIONS _D0.00 _e9020390 _FCBU-MAIN LIBRARY (Kitwe) _H2 _I15.00 _jIMF(08) _UAVAILABLE _y9020390 _ZInternational Publications |
||
| 995 |
_aSPECIAL COLLECTIONS _D0.00 _e9020389 _FCBU-MAIN LIBRARY (Kitwe) _H1 _I15.00 _jIMF(08) _UAVAILABLE _y9020389 _ZInternational Publications |
||
| 999 |
_c76409 _d76409 |
||